Landfill directive (Record no. 117685)
[ view plain ]
| 000 -LEADER | |
|---|---|
| fixed length control field | 01048cam a2200205 4500 |
| 001 - CONTROL NUMBER | |
| control field | WB@3612-881 |
| 008 - FIXED-LENGTH DATA ELEMENTS--GENERAL INFORMATION | |
| fixed length control field | 040713n2004 000 0 eng u |
| 035 ## - SYSTEM CONTROL NUMBER | |
| System control number | (Sirsi) u126762 |
| 245 ## - TITLE STATEMENT | |
| Title | Landfill directive |
| 260 ## - PUBLICATION, DISTRIBUTION, ETC. | |
| Date of publication, distribution, etc. | 2004 |
| 490 ## - SERIES STATEMENT | |
| Series statement | Contract Journal |
| Volume/sequential designation | 424 (6483) 7 July 2004 (1) |
| 520 ## - SUMMARY, ETC. | |
| Summary, etc. | From 16 July the new landfill directive (Directive 99/31/EC) comes into play. This will see the number of landfill sites permitted to accept hazardous waste from construction sites drop from 279 to less than 15. Currently construction materials make up 92% of waste going to landfill, of which 43% is hazardous. As a result of this directive, the recycling industry is expecting an increase in purchases of equipment such as shredders and screens. Further information can be found at: http://www.environment-agency.gov.uk/subjects/wast e/306772/812682/. |
| 590 ## - LOCAL NOTE (RLIN) | |
| Local note | WB |
| 590 ## - LOCAL NOTE (RLIN) | |
| Local note | WB |
| 650 ## - SUBJECT ADDED ENTRY--TOPICAL TERM | |
| Topical term or geographic name entry element | HAZARDOUS WASTE |
| 650 ## - SUBJECT ADDED ENTRY--TOPICAL TERM | |
| Topical term or geographic name entry element | LANDFILL SITE |
| 650 ## - SUBJECT ADDED ENTRY--TOPICAL TERM | |
| Topical term or geographic name entry element | WASTE DISPOSAL CONTRACTORS |
| 690 ## - LOCAL SUBJECT ADDED ENTRY--TOPICAL TERM (OCLC, RLIN) | |
| Topical term or geographic name as entry element | WASTE MANAGEMENT |
| 942 ## - ADDED ENTRY ELEMENTS (KOHA) | |
| Suppress in OPAC | 0 |
| Withdrawn status | Lost status | Source of classification or shelving scheme | Damaged status | Not for loan | Home library | Current library | Shelving location | Date acquired | Total Checkouts | Full call number | Barcode | Date last seen | Copy number | Price effective from | Koha item type |
|---|---|---|---|---|---|---|---|---|---|---|---|---|---|---|---|
| Dewey Decimal Classification | London | London | News article | 13/07/2004 | WB4027-19 | 126762-1001 | 06/08/2019 | 1 | 06/08/2019 | News article |